George Ezra - Da Vinci Riot Police Lyrics - Statistics

General Stats
  • This quiz has been taken 11 times
  • The average score is 182 of 240
Answer Stats
Lyrics % Correct
a
100%
and
100%
boys
100%
every
100%
foreign
100%
girls
100%
in,
100%
it
100%
mother
100%
oh,
100%
on
100%
on,
100%
so
100%
song
100%
started
100%
to
100%
travelling
100%
was
100%
when
100%
with
100%
world,
100%
world
100%
young
100%
your
100%
alone,
80%
alone
80%
city
80%
cold
80%
Country
80%
Da
80%
father
80%
police
80%
preacher
80%
riot
80%
street
80%
sung
80%
Vinci
80%
war
80%
back
60%
bind
60%
carry
60%
heart
60%
love
60%
many
60%
other
60%
own
60%
roads
60%
run
60%
take
60%
with
60%
yet
60%
bags
40%
book
40%
boom,
40%
brim,
40%
chapel,
40%
electric
40%
European
40%
he'd
40%
make
40%
pack
40%
room,
40%
room
40%
sonic
40%
the
40%
call
20%
friends
20%
mad
20%
nomads,
20%
now
20%
we're
20%
No matching quizzes found
Score Distribution
Percent of People with Each Score
Percentile by Number Answered
Your Score History
You have not taken this quiz